| 000 | 00381nam a22001577a 4500 | ||
|---|---|---|---|
| 003 | SGT | ||
| 020 | _a978-0-85711-139-5 | ||
| 082 |
_a615.1 _bM14B |
||
| 100 | _aBRAYFIELD,ALISON,ED. | ||
| 245 | _aMARTINDALE THE COMPLETE DRUGS REFERENCE | ||
| 250 | _a38TH .ED | ||
| 260 |
_aDELHI _bPHARMACEUTICAL PRESS _c2014 |
||
| 300 | _a1-2650 TO 4596 | ||
| 650 | _aPHARMACY | ||
| 942 |
_2ddc _cBK |
||
| 999 |
_c11081 _d11081 |
||